00373nam a2200133Ia 4500008004100000041000800041082001400049100002100063245006600084250001400150260002700164300001900191520002900210240719s9999 xx 000 0 und d aeng a658.4 KUM aKumar, Dinesh U. aBusiness Analytics The Science Of Data-Driven Decision Making a(2nd Ed.) aNew DelhibWileyc2022 a623;. P. 28 Cm aGifted By : IMT Faculty